-
LIGUORI,GARY AND FEITO, YURI & FOUNTAINE,CHARLES
Entry Personal Name
Number of records used in: 1
001 - CONTROL NUMBER
003 - CONTROL NUMBER IDENTIFIER
005 - DATE AND TIME OF LATEST TRANSACTION
- control field:
20250414155640.0
008 - FIXED-LENGTH DATA ELEMENTS
- fixed length control field:
250414|| aca||aabn | a|a d
040 ## - CATALOGING SOURCE
- Original cataloging agency:
JRU
- Transcribing agency:
JRU
100 ## - HEADING--PERSONAL NAME
- Personal name:
LIGUORI,GARY AND FEITO, YURI & FOUNTAINE,CHARLES
670 ## - SOURCE DATA FOUND
- Source citation:
Work cat.: (JRU)8764: LIGUORI,GARY AND FEITO, YURI & FOUNTAINE,CHARLES , ACSM'S GUIDELINES FOR EXERCISE TESTING AND PRESCRIPTION